|
|
|
|
| LEADER |
00000nab a2200000uu 4500 |
| 001 |
vtls011433455 |
| 003 |
SK-MaSNL |
| 005 |
20260303122614.0 |
| 008 |
230213|1999 xo |||||||||||||||||eng| |
| 015 |
|
|
|a SNBRB
|
| 035 |
|
|
|a (urnnbn)urn:nbn:sk:snk:ar-0017gh
|
| 035 |
|
|
|a (uuid)bd5e87e2-7b00-46a9-8381-3182c1145c75
|
| 035 |
|
|
|a urn:nbn:sk:snk-abc9iu
|
| 040 |
|
|
|a SNKBUCL
|b slo
|c SNKBUCL
|e AACR2
|
| 041 |
0 |
|
|a eng
|
| 044 |
|
|
|a xo
|c SK
|
| 100 |
1 |
|
|a Murín, Radovan,
|d 1973-
|4 aut
|9 196541
|
| 245 |
1 |
0 |
|a Molecular properties of the inositol (1,4,5) trisphosphate receptors from intracellular calcium stores
|c Radovan Murín, Ján Lehotský, Peter Račay, Jana Fedorová, Peter Kaplán
|
| 700 |
1 |
|
|a Fedorová, Jana
|4 aut
|9 356480
|
| 700 |
1 |
|
|a Kaplán, Peter,
|d 1956-
|4 aut
|9 194576
|
| 700 |
1 |
|
|a Lehotský, Ján,
|d 1954-
|4 aut
|9 196537
|
| 700 |
1 |
|
|a Račay, Peter,
|d 1961-
|4 aut
|9 14740
|
| 773 |
0 |
|
|t Biologia : journal of the Slovak Academy of Sciences
|g Roč. 54, č. Suppl. 6 (1999), s. 35-39
|
| 954 |
|
|
|a odborná, vedecká literatúra pôvodná (slovenská)
|2 lita
|
| 958 |
|
|
|a OND
|
| 958 |
|
|
|a EUIPO
|
| 958 |
|
|
|a article16
|
| 999 |
|
|
|c 1921719
|d 1923649
|